000 00522cam a2200193 4500
001 D7099
008 090401t1983 xxu||||| |||| 00| 0 eng d
035 _a(Sirsi) u5161
041 _aeng
050 _a333.335
100 _aMiles, Charles William Noel
245 _aAgricultural estates: management and research. [Address to Members of the Land Trusts Association, 3rd November 1983]
260 _c1983
300 _a10 leaves. 30cm
350 _a0
520 _aUnpublished
942 _n0
948 _c04/03/1997
999 _c86130
_d86130